Estatísticas para Moedas na América do Sul

Clique aqui para jogar o quiz

Estatísticas Gerais

  • Esse quiz foi jogado 88 vezes
  • A pontuação média é 5 de 12

Respostas no mapa

Respostas codificadas por cores de uma escala verde-vermelha no mapa do quiz de acordo com a % correta abaixo.
 

Estatísticas das Respostas

Resposta% Correto
Real
100%
Peso Argentino
81%
Peso Chileno
76%
Peso Uruguaio
73%
Peso Colombiano
67%
Guarani
46%
Dólar Americano
21%
Boliviano
18%
Novo Sol
16%
Bolívar Soberano
9%
Dólar do Suriname
9%
Dólar Guianense
7%

Distribuição das Pontuações

Percentil de Números Respondidos

Porcentagem de Pessoas com Cada Pontuação

Sua Pontuação Histórica

Você não jogou esse quiz